Statistiques concernant Pays qui contiennent la lettre AA+

Cliquez ici pour prendre le quiz!

Statistiques générales

  • Ce quiz a été pris 113 fois
  • Le résultat moyen est 30 sur 50

Statistiques - réponses

IndicePays% Correct
3 x ACanada
90%
3 x AAfghanistan
86%
2 x AAustralie
85%
3 x AKazakhstan
82%
2 x AAllemagne
78%
3 x AArabie Saoudite
77%
2 x AAlbanie
76%
3 x AAzerbaïdjan
75%
4 x AMadagascar
73%
2 x ATadjikistan
71%
3 x AGuatemala
70%
3 x AParaguay
70%
3 x APanama
69%
3 x ANicaragua
68%
4 x AAntigua-et-Barbuda
67%
2 x ATanzanie
66%
3 x ABahamas
64%
2 x ABarbade
64%
2 x AGhana
64%
2 x APakistan
64%
2 x AAngola
63%
2 x AGuyana
63%
2 x AOuganda
62%
2 x ACosta Rica
59%
3 x AÉmirats Arabes Unis
59%
2 x AMalaisie
59%
2 x ASaint-Vincent-et-les-Grenadines
58%
2 x ADanemark
57%
2 x AThaïlande
57%
2 x AJamaïque
55%
2 x ARwanda
55%
2 x APapouasie-Nouvelle-Guinée
54%
2 x ABotswana
53%
2 x APays-Bas
53%
2 x AQatar
53%
2 x ABurkina Faso
52%
2 x AMauritanie
52%
2 x AVanuatu
52%
2 x APalaos
51%
2 x ARépublique Centrafricaine
51%
2 x ASaint-Marin
51%
2 x ASalvador
51%
2 x AVatican
51%
2 x ABangladesh
49%
2 x AGuinée Équatoriale
48%
2 x AMalawi
48%
2 x ASamoa
47%
2 x AÎles Marshall
44%
2 x ATaïwan
38%
2 x ASri Lanka
25%

Distribution des résultats

Percentile par nombre de réponses

% des personnes avec chaque résultat

Votre développement - résultats

Vous n’avez pas pris ce quiz